| 000 | 00419nam a2200157Ia 4500 | ||
|---|---|---|---|
| 008 | 230917s9999||||xx |||||||||||||| ||und|| | ||
| 020 | _cPON2.5 | ||
| 040 |
_e24263 _aMAIN |
||
| 041 | _aEnglish | ||
| 082 | _a823.09 K513I | ||
| 100 | _aKettle, Arnold | ||
| 245 | 0 | _aIntroduction to the English novel. 2V: V1- To George Eliot | |
| 250 | _a2nd ed. | ||
| 260 |
_aLondon _bHutchinson University Press _c1967 |
||
| 942 | _cBK | ||
| 999 |
_c62464 _d62464 |
||